000 00477nam a2200181Ia 4500
005 20240815043347.0
008 240331s9999 xx 000 0 und d
020 _a0750706929
082 _bHAL
_a409
100 _aHalocha,J
245 0 _aCoordinating geography across the primary school :
_bthe subject leader's handbook
260 _aLondon
_bFalmer press
_c1998
300 _axii, 174 p .,
650 _aReligious
650 _aHistory
650 _aPhysical
942 _cL
999 _c3041
_d3041